| 000 | 00469nam a22001697a 4500 | ||
|---|---|---|---|
| 003 | NUST - PNEC | ||
| 005 | 20170116181144.0 | ||
| 008 | 151008b xxu||||| |||| 00| 0 eng d | ||
| 020 | _a0080405630 | ||
| 040 | _cLIBRARY | ||
| 082 | _a955.657 HAS | ||
| 100 |
_914855 _aAbol Hassan |
||
| 245 |
_aMy turn to speak : Iran, the revolution & secret deals with the U.S. _cBani Sadr, Abol Hassan |
||
| 260 | _cc1989. | ||
| 650 |
_914859 _aIran _xGerneral |
||
| 942 |
_2ddc _cBK |
||
| 999 |
_c70610 _d70610 |
||